Asian countries that speak Indo-European languages - Statistics

General Stats
  • This quiz has been taken 107 times
  • The average score is 7 of 11
Answers on the Grid
Answers color-coded by a green-red scale on the quiz's grid according to % correct below.
Afghansitan
Armenia
Azerbaijan
Bangladesh
Bhutan
Cyprus
East Timor
Georgia
India
Iran
Israel
Kazakhstan
Kyrgyzstan
Lebanon
Maldives
Myanmar
Nepal
Pakistan
Philippines
Sri Lanka
Tajikistan
Turkey
 
Answer Stats
Answer % Correct
Armenia
80%
Afghansitan
75%
Cyprus
72%
India
70%
Bangladesh
63%
Iran
62%
Pakistan
57%
Nepal
53%
Sri Lanka
45%
Tajikistan
42%
Maldives
33%
No matching quizzes found
Score Distribution
Percent of People with Each Score
Percentile by Number Answered
Your Score History
You have not taken this quiz